| 000 | 01087nam a2200229Ia 4500 | ||
|---|---|---|---|
| 001 | 15922 | ||
| 003 | GE_BSU | ||
| 008 | 181216s||||||||xx |||||||||||||| ||und|| | ||
| 040 | _cGE_BSU | ||
| 080 | _a821.353.1-32 + 821.353.1-31 | ||
| 100 | _aჭილაძე, თამაზ | ||
| 245 | _a[წერო.-პარასკევა.-პოსეიდონის სასახლე.-მდგმურები. მოთხრობები | ||
| 245 | _bაუზი.-აჰა, მიიწურა ზამთარი. რომანები | ||
| 245 | _cრედ.ლ.ნანიტაშვილი მხ.კ.ფაჩულია | ||
| 260 | _aთბილისი | ||
| 260 | _bსაბჭ. საქართველო | ||
| 260 | _c1974 | ||
| 300 | _a647გვ. : ილ. ; 21სმ | ||
| 653 | _a[წერო.-პარასკევა.-პოსეიდონის სასახლე.-მდგმურები. | ||
| 653 | _aაუზი.-აჰა, მიიწურა ზამთარი. რომანები | ||
| 942 | _cBK | ||
| 999 |
_c49017 _d49017 |
||